00566nam a2200157 a 450000100100000000500170001000800410002704000250006808200150009310000300010824501440013826000770028230000250035949000120038483000120039600002947320200930055557.0110415s2008 dr a 000 0 spa d aDO-SdBNPbspacBNPHU axxxbM475j1 aMaza Miquel, Manuel Pablo10aJuventud entre montantes y faros :bejercicios para aprender a orientarse por las estrellas, porque para el viaje de la vida, no hay mapas. aSanto Domingo. :bPublicaciones de la Comunidad de Vida Cristianaa2008. a60 p. :bil.a23 cm.1 aApuntes 0aApuntes